LEADER 01278nam a2200277 i 4500 001 000000046575 003 CaOOAMICUS 005 20091228000000.0 008 091228s1995 it u000 u ita u 013 $a17745 020 $a88-307-0579-9 040 $aSeMil$bita 100 1 $aCastro Quiroga, Luis Augusto .$0(OLS)http://semarc/name/10158 240 13$aEl gusto por la Misión.$0(OLS)http://semarc/title/69695 245 10$aDa chi siamo inviati :$bi fondamenti teologici della missione /$cLuis Augusto Castro Quiroga. 260 $aBologna :$bEMI,$ccopyr. 1995. 300 $a96 p. ;$c21 cm. 490 0 $aPerché la gioia sia piena : Corso fondamentale sulla Missione ;$v3 650 4$aTeologia missionaria.$0(OLS)http://semarc/subject/5367 830 0$aPerché la gioia sia piena : Corso fondamentale sulla Missione ;$v3.$0(OLS)http://semarc/title/30347 850 $aSeMil 852 $aSeMil$W1$xVenegono$y1$m3E IV 318$j12730$B12730$CSeMilBibl$Z2$F12730 $81 961 $aOmaggio: Scuola Cattolica 996 $6020$a88-307-0579-9$9(OLS)http://semarc/number/19103 996 $6245$aDa chi siamo inviati :$bi fondamenti teologici della missione$9(OLS)http://semarc/title/69694 996 $6260$aBologna :$bEMI$9(OLS)http://semarc/publisher/29618 LEADER 00993nam a2200241 4500 001 000000366328 003 CaOOAMICUS 005 20260210100112.0 008 260210s2016 it 000 u mul r 040 $aSeMil$bita 110 2 $aFiglie della Presentazione di Maria Santissima al Tempio .$0(OLS)http://semarc/name/25796 245 10$aRatio formationis /$cFiglie della Presentazione di Maria SS. al Tempio. 264 1$a[S.l. :$bs.n.],$c2016. 300 $a108 p. ;$c18 cm 546 $aTesto in italiano e inglese 650 4$aFiglie della Presentazione di Maria Santissima al Tempio - Regole e costituzioni.$0(OLS)http://semarc/subject/56214 850 $aSeMil 852 $aSeMil$W1$xVenegono$y1$m3F I 1146/2$j267092$B257087$CSeMilBibl$Z2$F257087 $81 941 1 $a7 961 $aOmaggio mons. Mario Delpini 996 $6245$aRatio formationis$9(OLS)http://semarc/title/80098 996 $6264$a[S.l. :$bs.n.]$9(OLS)http://semarc/publisher/29751